000 04010nam a2200481 a 4500
005 20091223093612.0
008 080130s2008 nyu c 000 1 eng
010 _aB-389698-714
020 _a9788184771718
_c250.00
035 _aB-389698-714
037 _bScholastic
040 _adpl
_bEnglish
082 _aS
100 _aPrévost, Guillaume
240 _aSept pièces.
_lEnglish
245 _aThe gate of days:
_cby Guillaume Prévost ; translated by William Rodarmor
_bthe book of time II /
260 _aNew York
_bArthur A. Levine Books
_c2008(repr.)
270 _a557 Broadway
_bNew York
_e10012
300 _a249 p.
_c22 cm(pbk)
520 _aWhile seeking the seven magical coins that will allow him to reach his father, who is trapped in the castle of Vlad Tepes, Sam Faulkner travels to such places as ancient Delphi, a Stone Age cave, and 1930s Chicago.
650 _aTime travel
_vFiction.
650 _aMissing persons
_vFiction.
700 _aRodarmor, William
942 _2ddc
_cCH
_hS
_mPRE
999 _c33332
_d33332